Every Song by Death Cab for Cutie - Statistics

General Stats
  • This quiz has been taken 43 times
    8 since last reset
  • The average score is 39 of 145
Answer Stats
Hint Answer % Correct
Codes and Keys(2011) Codes and Keys
100%
Plans(2005) I Will Follow You into the Dark
100%
Transatlanticism(2003) Transatlanticism
100%
Plans(2005) What Sarah Said
100%
Narrow Stairs(2008) Grapevine Fires
80%
Codes and Keys(2011) You Are a Tourist
80%
Asphalt Meadows(2022) Asphalt Meadows
60%
Narrow Stairs(2008) Bixby Canyon Bridge
60%
Kintsugi(2015) Black Sun
60%
Plans(2005) Brothers on a Hotel Bed
60%
The Photo Album(2001) Coney Island
60%
Plans(2005) Crooked Teeth
60%
The Photo Album(2001) I Was a Kaleidoscope
60%
Narrow Stairs(2008) I Will Possess Your Heart
60%
Plans(2005) Marching Bands of Manhattan
60%
Narrow Stairs(2008) No Sunlight
60%
Transatlanticism(2003) Passenger Seat
60%
Something About Airplanes(1998) President of What?
60%
Plans(2005) Soul Meets Body
60%
The Stability EP(2002) Stability
60%
Narrow Stairs(2008) Talking Bird
60%
Kintsugi(2015) The Ghosts of Beverly Drive
60%
Transatlanticism(2003) The Sound of Settling
60%
Transatlanticism(2003) Title and Registration
60%
The Photo Album(2001) We Laugh Indoors
60%
Transatlanticism(2003) We Looked Like Giants
60%
We Have the Facts and We're Voting Yes(2000) 405
40%
Thank You for Today(2018) 60 & Punk
40%
Transatlanticism(2003) A Lack of Color
40%
The Photo Album(2001) A Movie Script Ending
40%
The Photo Album(2001) Blacking Out the Friction
40%
Narrow Stairs(2008) Cath...
40%
We Have the Facts and We're Voting Yes(2000) Company Calls
40%
We Have the Facts and We're Voting Yes(2000) Company Calls Epilogue
40%
Transatlanticism(2003) Death of an Interior Decorator
40%
Codes and Keys(2011) Doors Unlocked and Open
40%
Transatlanticism(2003) Expo '86
40%
Thank You for Today(2018) Gold Rush
40%
Asphalt Meadows(2022) Here to Forever
40%
Kintsugi(2015) Hold No Guns
40%
I Built You a Tower(2026) I Built You a Tower (a)
40%
I Built You a Tower(2026) I Built You a Tower (b)
40%
The Photo Album(2001) Information Travels Faster
40%
Kintsugi(2015) Ingénue
40%
Transatlanticism(2003) Lightness
40%
We Have the Facts and We're Voting Yes(2000) Little Fury Bugs
40%
Narrow Stairs(2008) Long Division
40%
Codes and Keys(2011) Monday Morning
40%
Narrow Stairs(2008) Pity and Fear
40%
Codes and Keys(2011) Portable Television
40%
Plans(2005) Stable Song
40%
Codes and Keys(2011) Stay Young, Go Dancing
40%
Codes and Keys(2011) St. Peter's Cathedral
40%
The Photo Album(2001) Styrofoam Plates
40%
Plans(2005) Summer Skin
40%
Something About Airplanes(1998) The Face That Launched 1000 Shits
40%
Narrow Stairs(2008) The Ice is Getting Thinner
40%
Transatlanticism(2003) The New Year
40%
Narrow Stairs(2008) You Can Do Better Than Me
40%
Something About Airplanes(1998) Your Bruise
40%
Plans(2005) Your Heart is an Empty Room
40%
Narrow Stairs(2008) Your New Twin Sized Bed
40%
The Open Door EP(2009) A Diamond and a Tether
20%
The Stability EP(2002) All is Full of Love
20%
Something About Airplanes(1998) Bend to Squares
20%
Something About Airplanes(1998) Champagne from a Paper Cup
20%
The Photo Album(2001) Debate Exposes Doubt
20%
Plans(2005) Different Names for the Same Thing
20%
Kintsugi(2015) El Dorado
20%
Something About Airplanes(1998) Fake Frowns
20%
We Have the Facts and We're Voting Yes(2000) For What Reason
20%
Asphalt Meadows(2022) Foxglove Through the Clearcut
20%
Kintsugi(2015) Good Help (Is So Hard to Find)
20%
Codes and Keys(2011) Home is a Fire
20%
Asphalt Meadows(2022) I'll Never Give Up on You
20%
Asphalt Meadows(2022) I Miss Strangers
20%
The Open Door EP(2009) I Was Once a Loyal Lover
20%
Something About Airplanes(1998) Line of Best Fit
20%
The Open Door EP(2009) Little Bribes
20%
Kintsugi(2015) Little Wanderer
20%
We Have the Facts and We're Voting Yes(2000) Lowell, MA
20%
The Open Door EP(2009) My Mirror Speaks
20%
We Have the Facts and We're Voting Yes(2000) No Joy in Mudville
20%
Kintsugi(2015) No Room in Frame
20%
Asphalt Meadows(2022) Pepper
20%
The Forbidden Love EP(2000) Photobooth
20%
Asphalt Meadows(2022) Rand McNally
20%
We Have the Facts and We're Voting Yes(2000) Scientist Studies
20%
Plans(2005) Someday You Will Be Loved
20%
The Photo Album(2001) Steadier Footing
20%
We Have the Facts and We're Voting Yes(2000) The Employment Pages
20%
I Built You a Tower(2026) The Flower of Metal
20%
Transatlanticism(2003) Tiny Vessels
20%
We Have the Facts and We're Voting Yes(2000) Title Track
20%
Thank You for Today(2018) When We Drive
20%
The Photo Album(2001) Why'd You Want to Live Here
20%
Thank You for Today(2018) You Moved Away
20%
Thank You for Today(2018) Your Hurricane
20%
The Stability EP(2002) 20th Century Towers
0%
Something About Airplanes(1998) Amputations
0%
You Can Play These Songs with Chords(Re-Release)(2002) Army Corps of Architects
0%
Thank You for Today(2018) Autumn Love
0%
The Blue EP(2019) Before the Bombs
0%
Kintsugi(2015) Binary Sea
0%
The Blue EP(2019) Blue Bloods
0%
I Built You a Tower(2026) Envy the Birds
0%
Kintsugi(2015) Everything's a Ceiling
0%
You Can Play These Songs with Chords(Re-Release)(2002) Flustered/Hey Tomcat!
0%
Asphalt Meadows(2022) Fragments from the Decade
0%
I Built You a Tower(2026) Full of Stars
0%
The Photo Album(Bonus)(2001) Gridlock Caravans
0%
You Can Play These Songs with Chords(1997) Hindsight
0%
I Built You a Tower(2026) How Heavenly a State
0%
Asphalt Meadows(2022) I Don't Know How I Survive
0%
Thank You for Today(2018) I Dreamt We Spoke Again
0%
Plans(Bonus)(2005) Jealousy Rides with Me
0%
The Blue EP(2019) Kids in '99
0%
The Blue EP(2019) Man in Blue
0%
Thank You for Today(2018) Near/Far
0%
You Can Play These Songs with Chords(Re-Release)(2002) New Candles
0%
Thank You for Today(2018) Northern Lights
0%
I Built You a Tower(2026) Pep Talk
0%
Something About Airplanes(1998) Pictures in an Exhibition
0%
You Can Play These Songs with Chords(Re-Release)(2002) Prove My Hypothesis
0%
I Built You a Tower(2026) Punching the Flowers
0%
I Built You a Tower(2026) Riptides
0%
Asphalt Meadows(2022) Roman Candles
0%
Something About Airplanes(1998) Sleep Spent
0%
Codes and Keys(2011) Some Boys
0%
The Forbidden Love EP(2000) Song for Kelly Huckaby
0%
You Can Play These Songs with Chords(Re-Release)(2002) State Street Residential
0%
I Built You a Tower(2026) Stone Over Water
0%
Thank You for Today(2018) Summer Years
0%
Plans(Bonus)(2005) Talking Like Turnstiles
0%
The Forbidden Love EP(2000) Technocolor Girls
0%
You Can Play These Songs with Chords(1997) That's Incentive
0%
You Can Play These Songs with Chords(Re-Release)(2002) Tomorrow
0%
The Blue EP(2019) To the Ground
0%
I Built You a Tower(2026) Trap Door
0%
You Can Play These Songs with Chords(Re-Release)(2002) TV Trays
0%
You Can Play These Songs with Chords(1997) Two Cars
0%
Codes and Keys(2011) Underneath the Sycamore
0%
Codes and Keys(2011) Unobstructed Views
0%
Asphalt Meadows(2022) Wheat Like Waves
0%
Kintsugi(2015) You've Haunted Me All My Life
0%
No matching quizzes found
Score Distribution
Percent of People with Each Score
Percentile by Number Answered
Your Score History
You have not taken this quiz since the last reset